000 00884cab a2200205 4500
001 ABS42215
008 090401t1990 xxu||||| |||| 00| 0 eng d
035 _a(Sirsi) u35389
041 _aeng
100 _aChong, F.
245 _aBeating down the prices in Brisbane
260 _c1990
350 _a0
490 _aWorld Property
_vFebruary 1990, 45-47(3)
520 _aInvestigation of the Brisbane property market from the investment point of view. Many significant properties are on the market, not because of a lack of institutional interest but, because bargain hunters are beating down the price to take advantage of distressed sellers. At present developers are having problems raising finance, and this coupled with low prices have caused the market to stagnate.
650 _aAUSTRALIA
690 _aOVERSEAS-REST OF THE WORLD
942 _n0
948 _c04/03/1997
999 _c23177
_d23177